La senda del drago / (Record no. 195865)
[ view plain ]
| 000 -LEADER | |
|---|---|
| campo de control de longitud fija | 02133nam a2200373 i 4500 |
| 001 - NÚMERO DE CONTROL | |
| campo de control | 195865 |
| 003 - IDENTIFICADOR DE NÚMERO DE CONTROL | |
| campo de control | SpMaBN |
| 005 - FECHA Y HORA DE LA ÚLTIMA TRANSACCIÓN | |
| campo de control | 20250804062708.0 |
| 008 - DATOS DE LONGITUD FIJA--INFORMACIÓN GENERAL | |
| campo de control de longitud fija | 240727s2006 sp | ||| ||spa |
| 016 7# - NÚMERO DE CONTROL DE UNA AGENCIA BIBLIOGRÁFICA NACIONAL | |
| Número de control del registro | bimoBNE20060393229 |
| Fuente | SpMaBN |
| 017 ## - NÚMERO DE COPYRIGHT O DE DEPÓSITO LEGAL | |
| Número de copyright o de depósito legal | M 22868-2006 |
| Agencia que asigna | Oficina Depósito Legal Madrid |
| 020 ## - NÚMERO INTERNACIONAL ESTÁNDAR DEL LIBRO | |
| Número Internacional Estándar del Libro | 8401341876 |
| 035 ## - NÚMERO DE CONTROL DEL SISTEMA | |
| Número de control de sistema | (OCoLC)434026946 |
| 035 ## - NÚMERO DE CONTROL DEL SISTEMA | |
| Número de control de sistema | Mimo0002195024 |
| 040 ## - FUENTE DE CATALOGACIÓN | |
| Centro catalogador/agencia de origen | SpMaBN |
| Lengua de catalogación | spa |
| Centro/agencia transcriptor | SpMaBN |
| Normas de descripción | rdc |
| Centro/agencia modificador | ES-MaACL |
| 080 ## - NÚMERO DE LA CLASIFICACIÓN DECIMAL UNIVERSAL | |
| Número de la Clasificación Decimal Universal | 821.134.2-31"19" |
| 100 1# - ENTRADA PRINCIPAL--NOMBRE DE PERSONA | |
| Nombre de persona | Sampedro, José Luis, |
| Fechas asociadas al nombre | 1917-2013 |
| 9 (RLIN) | 102185 |
| Término indicativo de función/relación | Autor |
| 245 13 - MENCIÓN DEL TÍTULO | |
| Título | La senda del drago / |
| Mención de responsabilidad, etc. | José Luis Sampedro. |
| 250 ## - MENCION DE EDICION | |
| Mención de edición | Cuarta edición: mayo, 2006 |
| 260 ## - PUBLICACIÓN, DISTRIBUCIÓN, ETC. | |
| Lugar de publicación, distribución, etc. | Barcelona : |
| Nombre del editor, distribuidor, etc. | Areté, |
| Fecha de publicación, distribución, etc. | 2006. |
| 300 ## - DESCRIPCIÓN FÍSICA | |
| Extensión | 473 p. : |
| Dimensiones | 26 cm. |
| 336 ## - TIPO DE CONTENIDO | |
| Fuente | rdacontent |
| Término de tipo de contenido | texto |
| 337 ## - TIPO DE MEDIO | |
| Fuente | rdamedia |
| Nombre/término del tipo de medio | sin mediación |
| 338 ## - TIPO DE SOPORTE | |
| Fuente | rdacarrier |
| Nombre/término del tipo de soporte | volumen |
| 490 1# - MENCIÓN DE SERIE | |
| Mención de serie | [Areté] |
| 520 ## - RESUMEN, ETC. | |
| Sumario, etc. | La historia de una transformación personal hacia la lucidez y el amor.Martín Vega, hombre autodidacta, viaja en un buque imaginario, El Occidente. Los pintorescos encuentros que vive en su periplo le hacen tomar conciencia del ocaso de nuestra cultura, pero también de la fragilidad de las alternativas religiosas y místicas. Anclado todavía al mundo de las ideas, duda sobre qué postura tomar.En Tenerife, donde arriba destinado por una organización internacional de comercio, le espera sin embargo un bandazo más real. Frente a la hegemonía del sistema mercantil, siente que el océano, el indomable Teide y la diferencia horaria lo ayudarán a preservar la naturaleza y la civilización contra la codicia de los tecnobárbaros. Aún más, el encuentro con Runa y el amor por ella lo llevarán a descubrir el sentido de su vida en una hermosa historia de transformación personal. |
| 655 #0 - TERMINO DE INDIZACIÓN--GENERO/FORMA | |
| Datos o término principal de género/forma | Novelas |
| 9 (RLIN) | 234319 |
| 830 ## - PUNTO DE ACCESO ADICIONAL DE SERIE-TÍTULO UNIFORME | |
| Título uniforme | Areté (Serie) |
| 9 (RLIN) | 237618 |
| 852 ## - LOCALIZACIÓN | |
| Ubicación | ES-MaACL |
| Ubicación en estantería | Depósito J |
| itemnumber | 204848 |
| Número de control de estantería | N-8980 |
| Donativo/Legado | Donación: Editorial |
| Encuadernación | Encuadernación cartoné con sobrecubiertas |
| 942 ## - ELEMENTOS DE ENTRADA SECUNDARIOS (KOHA) | |
| Suprimir en OPAC | No |
| Tipo de ítem Koha | Libro impreso |
| Estatus retirado | Estado de pérdida | Fuente del sistema de clasificación o colocación | Estado de daño | No para préstamo | Biblioteca de origen | Biblioteca actual | Ubicación en estantería | Fecha de adquisición | Fuente de adquisición | Total de préstamos | Signatura topográfica completa | Código de barras | Visto por última vez | Precio de reemplazo |
|---|---|---|---|---|---|---|---|---|---|---|---|---|---|---|
| Clasificación decimal universal | Biblioteca del Ateneo de Madrid | Biblioteca del Ateneo de Madrid | Depósito J | 21/03/2025 | Donación | N-8980 | 101229696 | 21/03/2025 | 21/03/2025 |
